L’École de l’Exégèse en Droit Civil (Registro nro. 310004)

Detalles MARC
000 -ENCABEZADO
Número de control [NR] 02287nam a2200301Ia 4500
005 - FECHA Y HORA DE LA ÚLTIMA TRANSACCIÓN
control field 20180601151400.0
008 - DE LONGITUD FIJA DE DATOS DE ELEMENTOS - INFORMACIÓN GENERAL
Elementos de longitud fija [NR] 130821s1924 fr fr 1 fre
040 ## - FUENTE DE CATALOGACION [NR]
Agencia de catalogación original [NR] Co-BoUCM
Idioma de catalogación [NR] spa
Quien Cataloga Sandra Yazo
Quien Clasifica Sandra Yazo
041 0# - CODIGO DE IDIOMA [R]
Código de idioma para texto/pista de sonido o título separado [R] Francés
082 04 - NUMERO DE CLASIFICACION DECIMAL DEWEY [R]
Número de clasificación [R] 346.44
Número de la edición [NR] 20
092 ## - SIGNATURA TOPOGRAFICA LOCAL
Número de clasificación local E46N067
100 1# - ASIENTO PRINCIPAL--NOMBRE PERSONAL [NR]
Nombre personal [NR] Bonnecase, Julien
Fechas asociadas con el nombre [NR] 1878-
ID Autoridad 92689
242 00 - TRADUCCION DEL TITULO POR LA AGENCIA CATALOGADORA [R]
Título [NR] La Escuela de la Exégesis en Derecho Civil
Parte restante del título [NR] Rasgos característicos de sus doctrinas y métodos, según las enseñanzas de sus más insignes representantes. Con cuatro retratos en fototipo
Mención de responsabilidad, etc. [NR] Julian Bonnecase
245 10 - MENCION DE TITULO [NR]
Título [NR] L’École de l’Exégèse en Droit Civil
Parte restante del título [NR] Les traits distinctifs de sa doctrine et de ses méthodes d’après la profession de foi de ses illustres représentants ... Ornée de quatre portraits en phototypie
Mención de responsabilidad, etc. [NR] Julie Bonnecase
250 ## - MENCION DE EDICION [NR]
Mención de edición [NR] Deuxième édition entiérement revue et augmentée [Segunda edición completamente revisada y ampliada]
260 ## - PUBLICACION, DISTRIBUCION, ETC. (PIE DE IMPRENTA) [R]
Lugar de publicación, distribución, etc. [R] París (Francia)
Nombre del editor, distribuidor, etc. [R] E. de Boccard
Fecha de publicación, distribución, etc. [R] 1924
300 ## - DESCRIPCION FISICA [R]
Extensión [R] 285 páginas
Dimensiones [R] 21 x 14 cm.
500 ## - NOTA GENERAL [R]
Nota general [NR] Detalles físicos: Encuadernación rígida (holandesa) en cartón duro forrado en papel jaspeado. Lomo de tela texturizada con adornos en dorado. Guardas. Hoja de cortesía. Anteportada. Portada impresa en una sola tinta, con un pequeño grabado. Cuatro hojas de papel especial con fotografías (blanco y negro) de juristas; escartivanas. Texto impreso en una sola columna, con diferentes tipos y tamaños de letra. Párrafos numerados. Márgenes amplios. Notas de pie de página. Índice.
505 0# - NOTA DE CONTENIDO CON FORMATO PREESTABLECIDO [R]
Nota de contenido con formato preestablecido [NR] Introducción ; Los representantes más importantes de la Escuela de la Exégesis y sus obras capitales: los comentarios al Código napoleónico ; Tres períodos en la historia de la Escuela ; Doctrina de la Escuela de la Exégesis ; Métodos de la Escuela de la Exégesis ; La profesión de fe de la Escuela de la Exégesis de cara a los planteamientos de la Escuela científica ; Examen crítico de esta “profesión de fe”
506 ## - NOTA DE RESTRICCIONES DE ACCESO [R]
Condiciones de acceso [NR] Consulta en sala
546 ## - NOTA DE IDIOMA [R]
Nota de idioma [NR] Texto en francés
650 #7 - ASIENTO SECUNDARIO DE MATERIA - TERMINO TEMATICO [R]
Término temático o nombre geográfico como elemento de entrada [NR] Filosofía del derecho
9 (RLIN) 15792
650 #7 - ASIENTO SECUNDARIO DE MATERIA - TERMINO TEMATICO [R]
Término temático o nombre geográfico como elemento de entrada [NR] Derecho
9 (RLIN) 12854
Subdivisión general [R] Historia
650 #7 - ASIENTO SECUNDARIO DE MATERIA - TERMINO TEMATICO [R]
Término temático o nombre geográfico como elemento de entrada [NR] Derecho
Subdivisión general [R] Enseñanza
9 (RLIN) 80454
650 #7 - ASIENTO SECUNDARIO DE MATERIA - TERMINO TEMATICO [R]
Término temático o nombre geográfico como elemento de entrada [NR] Teoría del derecho
9 (RLIN) 25308
690 ## - ASUNTO AGREGADO LOCAL DE ENTRADA - TÉRMINO TEMÁTICO (OCLC, RLIN)
Acceso temático local Derecho civil
9 (RLIN) 12711
942 ## - ELEMENTOS DE ENTRADA AGREGADOS (KOHA)
Tipo de ítem principal el descrito en 300a Libro
Edición 1
Título oculto en OPAC No
Sistema de clasificación LOCAL
Clasificación E46N067
Existencias
Suprimido Perdido Sistema de clasificación Dañado No prestable Tipo de ítem específico Ubicación habitual Ubicación actual Localización Fecha de creación Forma de adquisición Costo Total préstamos Signatura topográfica Código de barras Última vez visto Ejemplar Price effective from Tipo de ítem
    LOCAL     Libro archivo Archivo Histórico Archivo Histórico Archivo histórico 01/06/2018 Donación 0.00   E46N067 L006625 01/06/2018 Ej.1 01/06/2018 Libro